LEADER 01034nam0-2200325---450- 001 990009754190403321 005 20130801112714.0 035 $a000975419 035 $aFED01000975419 035 $a(Aleph)000975419FED01 035 $a000975419 100 $a20130724d2006----km-y0itay50------ba 101 0 $aita 102 $aIT 105 $aac--bcg-001yd 200 1 $aDipinti e disegni antichi dal 15. al 19. secolo$easta 31$eMilano, via Olona 2, giovedì 23 novembre 2006 ... [etc.]$fPorro & C. 210 $aMilano$cPorro & C.$dstampa 2006 215 $a295 p.$cill.$d26 cm 610 0 $aDisegni$aSec. 16.-19.$aCataloghi di vendita 610 0 $aPittura$aSec. 16.-19.$aVendite all'asta 676 $a741.9$v22 676 $a759$v22 710 02$aPorro & C.$c$0434251 801 0$aIT$bUNINA$gRICA$2UNIMARC 901 $aBK 912 $a990009754190403321 952 $a741.9 CATALOGHI 11$bBIBL. 60482$fFLFBC 959 $aFLFBC 996 $aDipinti e disegni antichi dal 15. al 19. secolo$9834284 997 $aUNINA LEADER 01324nam a2200325 i 4500 001 991000890349707536 005 20020507175323.0 008 960906s1973 it ||| | eng 035 $ab10771724-39ule_inst 035 $aLE01303900$9ExL 040 $aDip.to Matematica$beng 082 0 $a516.5 084 $aAMS 51-06 084 $aAMS 51-XX 084 $aAMS 51E 245 00$aFinite geometric structures and their applications :$bII ciclo, Bressanone 18-27 Giugno 1972 /$cCoord. A. Barlotti 260 $aRoma :$bEdizioni Cremonese,$c1973 300 $a282 p. ;$c24 cm 500 $aIncludes bibliographies 650 0$aBlock designs$xCongresses 650 0$aFinite geometries$xCongresses 650 0$aProjective planes$xCongresses 700 1 $aBarlotti, Adriano$eauthor$4http://id.loc.gov/vocabulary/relators/aut$041799 907 $a.b10771724$b17-03-17$c28-06-02 912 $a991000890349707536 945 $aLE013 51-XX BAR13 C.2 (1973)$g2$i2013000058887$lle013$o-$pE0.00$q-$rl$s- $t0$u2$v0$w2$x0$y.i10870179$z28-06-02 945 $aLE013 51-XX BAR13 C.1 (1973)$g1$i2013000104225$lle013$o-$pE0.00$q-$rl$s- $t0$u2$v0$w2$x0$y.i10870180$z28-06-02 996 $aFinite geometric structures and their applications$93370634 997 $aUNISALENTO 998 $ale013$b01-01-96$cm$da $e-$feng$git $h0$i2